[Event "IECG RI.2006.0.00062"]
[Site "IECG email"]
[Date "2006.07.28"]
[Round "?"]
[White "Ciesla, Daniel"]
[Black "Gomes, Sergio"]
[Result "0-1"]
[WhiteElo "1622"]
[BlackElo "1904"]
[PlyCount "38"]
[EventDate "2006.07.28"]
[EventType "tourn (corr)"]
[EventRounds "6"]
[SourceTitle "Corr 2008"]
[Source "ChessBase"]
[SourceDate "2008.06.24"]
[SourceVersion "1"]
[SourceVersionDate "2008.06.24"]
[SourceQuality "1"]

1. d4 Nf6 2. c4 e6 3. Nf3 b6 4. g3 Ba6 5. b3 Bb4+ 6. Bd2 Be7 7. Bg2 c6 8. 0-0 d5 9. cxd5 cxd5 10. Re1 0-0 11. Ne5 Nfd7 12. Nxd7 Qxd7 13. Nc3 Nc6 14. e3 Rfc8 15. Qb1 Rc7 16. Ne2 Nb4 17. Nc3 Bd3 18. Qb2 Nc2 19. a4 Rac8 0-1

[Event "IECG RI.2006.0.00062"]
[Site "IECG email"]
[Date "2006.07.28"]
[Round "?"]
[White "Gomes, Sergio"]
[Black "Suarez, Ron"]
[Result "1/2-1/2"]
[WhiteElo "1904"]
[BlackElo "1669"]
[PlyCount "137"]
[EventDate "2006.07.28"]
[EventType "tourn (corr)"]
[EventRounds "6"]
[SourceTitle "Corr 2008"]
[Source "ChessBase"]
[SourceDate "2008.06.24"]
[SourceVersion "1"]
[SourceVersionDate "2008.06.24"]
[SourceQuality "1"]

1. d4 Nf6 2. c4 e6 3. Nc3 Bb4 4. e3 b6 5. Nge2 Ba6 6. Ng3 Bxc3+ 7. bxc3 d5 8. Ba3 Bxc4 9. Bxc4 dxc4 10. e4 c5 11. Qa4+ Qd7 12. Qxc4 Nc6 13. dxc5 Ne5 14. Qa6 0-0 15. Rd1 Qc7 16. 0-0 Rfc8 17. Qe2 bxc5 18. f4 Ng6 19. f5 exf5 20. exf5 Ne5 21. Bc1 c4 22. Rd4 Re8 23. Bf4 Qa5 24. Bxe5 Rxe5 25. Qxc4 Rae8 26. h3 Re3 27. Rf3 Rxf3 28. gxf3 h5 29. a4 Qe5 30. Kg2 Rb8 31. Rd2 Rb1 32. h4 Qe3 33. Qd4 Qe1 34. Re2 Qc1 35. a5 a6 36. Qc4 Qd1 37. Qc7 Nd5 38. Qe5 Qg1+ 39. Kh3 Nf6 40. Rd2 Kh7 41. Qe7 Rb8 42. Qc7 Rf8 43. Rd3 Qe1 44. Qc5 Ra8 45. Qc4 Qe7 46. Qc6 Qa7 47. Qb6 Qe7 48. c4 Qe8 49. Rd6 Qe5 50. Qd4 Qe1 51. c5 Qc1 52. Rc6 Qa3 53. Rxf6 gxf6 54. Qxf6 Ra7 55. Qb6 Rd7 56. c6 Rd1 57. Qc7 Qa2 58. Qa7 Rc1 59. Qd4 Qc4 60. Qf6 Qb3 61. Qg5 Rxc6 62. Qxh5+ Rh6 63. Qg4 Qd5 64. Ne4 f6 65. Ng3 Qxa5 66. Qc4 Qb5 67. Qf7+ Kh8 68. Qf8+ Kh7 69. Qf7+ 1/2-1/2

[Event "IECG RL.2006.0.00045"]
[Site "IECG email"]
[Date "2006.05.12"]
[Round "?"]
[White "Gomes, Sergio"]
[Black "Van den Broeke, Sjakkie"]
[Result "1-0"]
[WhiteElo "1400"]
[BlackElo "1465"]
[PlyCount "55"]
[EventDate "2006.05.12"]
[EventType "tourn (corr)"]
[EventRounds "6"]
[SourceTitle "Corr 2008"]
[Source "ChessBase"]
[SourceDate "2008.06.24"]
[SourceVersion "1"]
[SourceVersionDate "2008.06.24"]
[SourceQuality "1"]

1. e4 e5 2. Nf3 Nc6 3. Bb5 f6 4. 0-0 a6 5. Bc4 Nge7 6. Nc3 b5 7. Bb3 Bb7 8. d4 d5 9. dxe5 Nxe5 10. Nxe5 fxe5 11. Qh5+ g6 12. Qxe5 Qd6 13. Qxh8 0-0-0 14. exd5 Nxd5 15. Bxd5 Bxd5 16. Bg5 Be7 17. Bxe7 Qxe7 18. Nxd5 Qc5 19. Qxh7 Qxd5 20. Qxg6 Kb7 21. Rfe1 Rg8 22. Qe4 Qxe4 23. Rxe4 Rg6 24. a4 Rg5 25. h4 Rc5 26. c3 Kb6 27. axb5 Rxb5 28. Rb4 1-0

[Event "IECG RL.2006.0.00045"]
[Site "IECG email"]
[Date "2006.05.12"]
[Round "?"]
[White "Stuart, Keith"]
[Black "Gomes, Sergio"]
[Result "0-1"]
[WhiteElo "1197"]
[BlackElo "1400"]
[PlyCount "36"]
[EventDate "2006.05.12"]
[EventType "tourn (corr)"]
[EventRounds "6"]
[SourceTitle "Corr 2008"]
[Source "ChessBase"]
[SourceDate "2008.06.24"]
[SourceVersion "1"]
[SourceVersionDate "2008.06.24"]
[SourceQuality "1"]

1. e4 c5 2. Nf3 d6 3. d4 cxd4 4. Nxd4 Nf6 5. Nc3 a6 6. Bd3 e5 7. Nf3 Nbd7 8. 0-0 b5 9. Nd5 Nxd5 10. exd5 Be7 11. Re1 Nc5 12. c4 Nxd3 13. Qxd3 bxc4 14. Qxc4 0-0 15. Bd2 Bf5 16. Rac1 Qd7 17. Qc6 Rfc8 18. Qxd7 Bxd7 0-1